000 00295nam a2200121Ia 4500
008 240731s9999 xx 000 0 und d
022 _a2573-1777
245 0 _aOncology Issues
260 _bTaylor & Francis
856 _uhttps://www.tandfonline.com/loi/uacc20
942 _2ddc
942 _cTFEJ
999 _c78791
_d78791
945 _a1
_bMadushi Gamage
_c1
_dMadushi Gamage